=LDR 00000nam 2200000 4500 =001 INLIS000000000048935 =005 20170117084137.0 =006 =007 =008 =020 ##$$a 978-979-29-2166-3 =035 ##$$0010-011700000000216 =040 ##$$a NBPDMAT =082 ##$$a 612. 6 =084 ##$$a 612.6 Nur s =100 ##$$a Nurul Laily Hidayati =245 ##$$a 1000 hari remas pertama : dari persiapan kehamilan sampai balita / $c nurul laioly Hidayati,s.si,T, m. kes. : Aldo sahara =260 ##$$a yogyakarta =300 ##$$a VI, 146 hlm. :$b ilus . ; $c 19 cm =504 ##$$a bibliografi : hlm. 142-143 $a biografi : hlm. 146 =650 ##$$a Fisiologi Kehamilan Dan kelahiran Anak =700 ##$$a Aldo Sahara